Central Library and Information Centre
Sibsagar Girls' College, Sivasagar : Assam

ANIMAL PHYSIOLOGY AND ECOLOGY (Record no. 7299)

MARC details
000 -LEADER
fixed length control field 00434cam a2200181ua 4500
008 - FIXED-LENGTH DATA ELEMENTS--GENERAL INFORMATION
fixed length control field 060101n1990 II |||gr||||Z||||||eng
040 ## - CATALOGING SOURCE
Original cataloging agency MAIN
041 ## - LANGUAGE CODE
-- English
100 ## - MAIN ENTRY--PERSONAL NAME
Personal name SAMBASIVIAH.
245 ## - TITLE STATEMENT
Title ANIMAL PHYSIOLOGY AND ECOLOGY
260 ## - PUBLICATION, DISTRIBUTION, ETC.
Place of publication, distribution, etc. NEW DELHI
Name of publisher, distributor, etc. S.CHAND & COMPANY
Date of publication, distribution, etc. 1990
300 ## - PHYSICAL DESCRIPTION
Extent 480:
Dimensions 22CM.
700 ## - ADDED ENTRY--PERSONAL NAME
Personal name RAO, KAMAL KARA.
700 ## - ADDED ENTRY--PERSONAL NAME
Personal name CHELLAPPA, AUGUSTINE.
942 ## - ADDED ENTRY ELEMENTS (KOHA)
Koha item type Books
653 ## - INDEX TERM--UNCONTROLLED
Uncontrolled term Ecology

No items available.



Sibsagar Girl's College © 2020. All rights reserved.
Powered by Koha.
Maintained by Abhijit Borpuzari.